000
00292nam a22001337a 4500
020
_a
0-7214-0972-5
082
_a
823
_b
MCC/M
100
_a
MAGIC BALLOONS
245
_a
MAGIC BALLOONS
_b
PUDDLE LANE
260
_a
UK
_b
LADYBIRD
300
_a
43
650
_a
ENGLISH SHORT STORY
_z
UK
942
_c
BK
999
_c
4156
_d
4156